[Event "bosnjaci18"]
[Site "Bosnjaci"]
[Date "2018.01.04"]
[Round "2.5"]
[White "Cabarkapa, Novak"]
[Black "Duda, Daniel"]
[Result "1/2-1/2"]
[WhiteElo "2441"]
[BlackElo "1997"]
[PlyCount "65"]
[EventDate "2018.??.??"]

1. e4 c5 2. a3 d6 3. b4 cxb4 4. axb4 Nf6 5. Nc3 g6 6. Bb2 Bg7 7. Nd5 Nbd7 8.
Ra3 O-O 9. Qa1 Nxd5 10. exd5 Bxb2 11. Qxb2 Qb6 12. h4 Nf6 13. h5 Nxd5 14. b5
Be6 15. Nf3 Rac8 16. Ra4 Qc5 17. hxg6 fxg6 18. Rxh7 Nf6 19. Rxe7 Rce8 20. Rxe8
Rxe8 21. Be2 Bc4 22. d3 Bxb5 23. Ra5 Ng4 24. Nd4 Rxe2+ 25. Nxe2 Qxf2+ 26. Kd2
Qe3+ 27. Kd1 Nf2+ 28. Ke1 Bxd3 29. Qa2+ Kf8 30. cxd3 Nxd3+ 31. Kd1 Nf2+ 32. Ke1
Nd3+ 33. Kd1 1/2-1/2

[Event "bosnjaci18"]
[Site "Bosnjaci"]
[Date "2018.01.04"]
[Round "2.6"]
[White "Tica, Sven"]
[Black "Fridl, Miroslav"]
[Result "1-0"]
[WhiteElo "2441"]
[BlackElo "1989"]
[PlyCount "59"]
[EventDate "2018.??.??"]

1. d4 f5 2. g3 Nf6 3. Bg2 g6 4. Nf3 Bg7 5. O-O O-O 6. b3 d6 7. Bb2 c6 8. c4 Qc7
9. Nbd2 Be6 10. Qc2 Nbd7 11. Rfe1 Rae8 12. Ng5 Bf7 13. e4 fxe4 14. Ndxe4 Nxe4
15. Qxe4 Bf6 16. Ne6 Bxe6 17. Qxe6+ Rf7 18. f4 Nf8 19. Qe3 e6 20. Re2 Rfe7 21.
Rae1 e5 22. fxe5 dxe5 23. d5 c5 24. Rf1 Qd6 25. Ref2 Bg7 26. Qe4 Nd7 27. Bh3
Rf8 28. Be6+ Kh8 29. Rxf8+ Nxf8 30. Rxf8+ 1-0

[Event "bosnjaci18"]
[Site "Bosnjaci"]
[Date "2018.01.04"]
[Round "2.7"]
[White "Nikic, Patrick"]
[Black "Klasan, Vladimir"]
[Result "1/2-1/2"]
[WhiteElo "1989"]
[BlackElo "2389"]
[PlyCount "81"]
[EventDate "2018.??.??"]

1. e4 c5 2. Nf3 d6 3. d4 cxd4 4. Nxd4 Nf6 5. Nc3 Nc6 6. Bg5 e6 7. Qd2 Be7 8.
O-O-O O-O 9. f3 Nxd4 10. Qxd4 Qa5 11. Bd2 Qc7 12. Nb5 Qb8 13. Bb4 e5 14. Qc3
Ne8 15. Qd2 Be6 16. Kb1 Qc8 17. c4 Qc6 18. Rc1 a6 19. Nc3 Rc8 20. Bd3 h6 21. h4
Nf6 22. g4 Qb6 23. Nd5 Nxd5 24. exd5 Bd7 25. g5 h5 26. Bc3 f5 27. gxf6 Rxf6 28.
Rhg1 Bf5 29. Bxf5 Rxf5 30. Qh6 Bf6 31. Rxg7+ Bxg7 32. Qe6+ Rf7 33. Qxc8+ Kh7
34. c5 dxc5 35. Qe8 Rf5 36. Rg1 Qf6 37. f4 Rxf4 38. Qxh5+ Kg8 39. Qe8+ Kh7 40.
Qh5+ Kg8 41. Qe8+ 1/2-1/2

[Event "bosnjaci18"]
[Site "Bosnjaci"]
[Date "2018.01.04"]
[Round "2.8"]
[White "Muha, Miljenko"]
[Black "Kobas, Mihael"]
[Result "1-0"]
[WhiteElo "2371"]
[BlackElo "1980"]
[PlyCount "85"]
[EventDate "2018.??.??"]

1. d4 d5 2. Bf4 c5 3. e3 Nc6 4. c3 cxd4 5. exd4 Nf6 6. Bd3 Bg4 7. Ne2 e6 8. O-O
Bd6 9. f3 Bh5 10. Nd2 O-O 11. Nb3 Bg6 12. Nc5 Rb8 13. Bxg6 hxg6 14. Nd3 Bxf4
15. Nexf4 Qd6 16. Qe2 b5 17. b4 a5 18. a3 Nd7 19. Rfe1 Nb6 20. Nh3 Nc4 21. Ng5
Rfe8 22. Qf2 f6 23. Nh3 g5 24. Nc5 a4 25. Qc2 Kf7 26. Nf2 Re7 27. Qh7 Nd8 28.
Ng4 Kf8 29. Qh8+ Kf7 30. Ne3 Nxe3 31. Rxe3 Nb7 32. Qh5+ Kg8 33. Rae1 Nxc5 34.
bxc5 Qd7 35. h4 gxh4 36. Qxh4 Rbe8 37. f4 Qc7 38. Rg3 e5 39. Qxf6 exf4 40.
Rxg7+ Rxg7 41. Rxe8+ Kh7 42. Qf5+ Rg6 43. Re6 1-0

[Event "bosnjaci18"]
[Site "Bosnjaci"]
[Date "2018.01.04"]
[Round "2.9"]
[White "Blazeka, Mihaela"]
[Black "Sertic, Rudolf"]
[Result "0-1"]
[WhiteElo "1984"]
[BlackElo "2365"]
[PlyCount "94"]
[EventDate "2018.??.??"]

1. e4 c5 2. Nf3 e6 3. c4 a6 4. d4 cxd4 5. Nxd4 Nf6 6. Nc3 Qc7 7. Be2 Bb4 8. f3
Bxc3+ 9. bxc3 d6 10. Ba3 Nbd7 11. Nb3 Ke7 12. Qd4 e5 13. Qe3 b6 14. Rd1 Nc5 15.
O-O Rd8 16. Rd2 Bb7 17. Rb1 Rac8 18. Na1 a5 19. Nc2 Kf8 20. Qf2 Na4 21. Rbd1
Ne8 22. Rd3 Kg8 23. Ne3 b5 24. cxb5 Nxc3 25. Rc1 Nxe2+ 26. Qxe2 Qb6 27. Rdc3
Rxc3 28. Rxc3 Nc7 29. Rb3 d5 30. exd5 Nxd5 31. h3 Nf4 32. Qc2 Rc8 33. Qd2 a4
34. Rb1 Bxf3 35. Kh2 Be4 36. Rb4 Ba8 37. Rxa4 Qxb5 38. Rc4 Re8 39. Rc5 Qa4 40.
Bb2 f6 41. Rc4 Qa7 42. a3 h5 43. g3 Qb7 44. Rc1 Ne6 45. h4 Rd8 46. Qe2 Qe4 47.
Qc4 Rd2+ 0-1

[Event "bosnjaci18"]
[Site "Bosnjaci"]
[Date "2018.01.04"]
[Round "2.10"]
[White "Mrkonjic, Nenad"]
[Black "Kurtovic, Nedzad"]
[Result "1-0"]
[WhiteElo "2345"]
[BlackElo "1954"]
[PlyCount "115"]
[EventDate "2018.??.??"]

1. c4 Nf6 2. Nc3 c5 3. g3 a6 4. Bg2 Nc6 5. Nf3 e6 6. O-O d5 7. cxd5 exd5 8. d4
h6 9. Be3 c4 10. b3 Bb4 11. Qc2 b5 12. Ne5 Bb7 13. bxc4 bxc4 14. Rab1 Qa5 15.
a3 Bxc3 16. Rxb7 Nxe5 17. dxe5 Bxe5 18. Qf5 Bc3 19. Bb6 Qb5 20. Rb1 Qc6 21. Rc7
Qe6 22. Qc2 Be5 23. Qa4+ Nd7 24. Rc6 Qf5 25. e4 dxe4 26. Re1 e3 27. Bxe3 O-O
28. Rxc4 Rac8 29. Qxa6 Rxc4 30. Qxc4 Nf6 31. a4 Ng4 32. Bb6 Rb8 33. Bh3 Rxb6
34. Bxg4 Qf6 35. Qc8+ Kh7 36. Qf5+ Qxf5 37. Bxf5+ g6 38. Rxe5 gxf5 39. Rxf5 Kg6
40. Rf4 Ra6 41. Kg2 f5 42. h3 h5 43. Rb4 Kf6 44. Kf3 Ke6 45. h4 Kf6 46. Ke3 Ke6
47. Kd3 Kd6 48. Rf4 Ra5 49. Kc3 Kc6 50. Rc4+ Kb6 51. Rb4+ Kc6 52. Rb5 Rxa4 53.
Rxf5 Ra2 54. Kd4 Kd6 55. Ke3 Ra3+ 56. Ke4 Ra2 57. Kf3 Ra3+ 58. Kg2 1-0

[Event "bosnjaci18"]
[Site "Bosnjaci"]
[Date "2018.01.04"]
[Round "2.11"]
[White "Golubicic, Luka"]
[Black "Ascic, Pero"]
[Result "0-1"]
[WhiteElo "1954"]
[BlackElo "2323"]
[PlyCount "126"]
[EventDate "2018.??.??"]

1. d4 Nf6 2. Bf4 g6 3. e3 Bg7 4. Nf3 d6 5. h3 O-O 6. Be2 b6 7. O-O Bb7 8. Nbd2
c5 9. c3 Nbd7 10. a4 a6 11. Re1 Re8 12. a5 b5 13. c4 e5 14. Bg5 b4 15. Nb3 Qe7
16. Bf1 h6 17. Bxf6 Bxf6 18. dxc5 dxc5 19. e4 Nb8 20. Qc1 Kg7 21. Qe3 Nd7 22.
Red1 Rac8 23. Rd2 Rc7 24. Rad1 Nf8 25. Bd3 Ne6 26. Bb1 Nd4 27. Nfxd4 cxd4 28.
Qd3 Qe6 29. Rc2 Rec8 30. Nd2 Qc6 31. b3 Bg5 32. Re1 Qc5 33. Ra2 Rf8 34. Nf3 Bd8
35. Bc2 Re7 36. Rea1 f5 37. Qe2 Bc7 38. Nd2 Bb8 39. Bd3 Bc7 40. Bc2 Ree8 41.
Bd3 Bd8 42. Qe1 Rf7 43. Qe2 Bc8 44. Nf1 Ref8 45. Nd2 Bb7 46. f3 Bg5 47. Kh1 Be3
48. Re1 h5 49. Bb1 f4 50. Nf1 g5 51. Nh2 Bc8 52. Rf1 Rf6 53. Bd3 Rh8 54. Qe1
Bd7 55. Be2 Rg6 56. Qd1 Qc8 57. Rc2 g4 58. fxg4 hxg4 59. Bxg4 Bxg4 60. Nxg4
Rxg4 61. Rf3 Rg6 62. Qf1 Qc5 63. Qe2 Rd8 0-1

[Event "bosnjaci18"]
[Site "Bosnjaci"]
[Date "2018.01.04"]
[Round "2.12"]
[White "Stocko, Josip"]
[Black "Dabic, Stjepan"]
[Result "1-0"]
[WhiteElo "2308"]
[BlackElo "1949"]
[PlyCount "139"]
[EventDate "2018.??.??"]

1. e4 c5 2. Nf3 d6 3. d4 cxd4 4. Nxd4 Nf6 5. Nc3 g6 6. h3 Bg7 7. g4 Nc6 8. Nde2
O-O 9. Bg2 a6 10. O-O e5 11. Bg5 Be6 12. Qd2 Qc7 13. Rfd1 Ne8 14. Rac1 Ne7 15.
Na4 f6 16. Be3 b5 17. Nac3 Rc8 18. Ng3 Qb8 19. Kh1 Rd8 20. f4 Nc7 21. f5 Bf7
22. Qf2 g5 23. Rd2 Rd7 24. Rcd1 Rfd8 25. b3 d5 26. Bc5 d4 27. Nce2 b4 28. a3 a5
29. axb4 axb4 30. Ra1 Qb5 31. Bxe7 Rxe7 32. Nc1 Na8 33. Bf1 Qb6 34. Nd3 Be8 35.
Nb2 Ra7 36. Bc4+ Kh8 37. Rdd1 Bf8 38. Nd3 Nc7 39. h4 gxh4 40. Nf1 Bc6 41. Nd2
Bh6 42. Rxa7 Qxa7 43. Nxb4 Bb7 44. Qxh4 Bg5 45. Qe1 Qa5 46. Nf3 Be3 47. Bd3 Rg8
48. Ra1 Qb6 49. Nh2 Ne8 50. Nd5 Bxd5 51. exd5 Nd6 52. Ra6 Qc5 53. Qa5 Qxa5 54.
Rxa5 e4 55. Be2 Nxf5 56. Nf1 Nh6 57. Nxe3 dxe3 58. d6 Rd8 59. Rd5 Nf7 60. d7
Ne5 61. Kg2 Kg7 62. Kg3 Ng6 63. c4 Kf7 64. c5 Ke6 65. c6 Kxd5 66. c7 Rxd7 67.
c8=Q Ne5 68. b4 h5 69. Qc5+ Ke6 70. Qxe3 1-0

[Event "bosnjaci18"]
[Site "Bosnjaci"]
[Date "2018.01.04"]
[Round "2.13"]
[White "Tucakovic, Zdravko"]
[Black "Bobanac, Miro"]
[Result "0-1"]
[WhiteElo "1953"]
[BlackElo "2297"]
[PlyCount "86"]
[EventDate "2018.??.??"]

1. e4 c5 2. Nf3 e6 3. d4 cxd4 4. Nxd4 a6 5. Be2 Nf6 6. Qd3 Qc7 7. O-O b5 8. Bg5
Bb7 9. Bf3 d6 10. a4 b4 11. c4 Nbd7 12. Bxf6 gxf6 13. Qc2 Qc5 14. Rd1 Rc8 15.
b3 Bg7 16. Ra2 O-O 17. Qd2 Ne5 18. Nc2 f5 19. Qxd6 Qxd6 20. Rxd6 Nxc4 21. Rd1
Nb2 22. Rd2 fxe4 23. Be2 Nd3 24. Ne3 Nc1 25. Rac2 Nxb3 26. Rd7 Rxc2 27. Nxc2
Bc8 28. Ra7 Nd4 29. Nxd4 Bxd4 30. Ra8 Bb7 31. Rxf8+ Kxf8 32. Nd2 e3 33. Nb3
exf2+ 34. Kf1 Bb6 35. a5 Be3 36. Na1 Ke7 37. Nc2 Bc5 38. Na1 Kd6 39. Nb3 Be3
40. Bd3 Bd5 41. Na1 b3 42. Nxb3 Bxb3 43. Bxa6 Ke5 0-1

[Event "bosnjaci18"]
[Site "Bosnjaci"]
[Date "2018.01.04"]
[Round "2.14"]
[White "Petrusic, Toni"]
[Black "Mican, Mato"]
[Result "1/2-1/2"]
[WhiteElo "2278"]
[BlackElo "1938"]
[PlyCount "51"]
[EventDate "2018.??.??"]

1. e4 e5 2. Bc4 Nf6 3. d3 Nc6 4. Nc3 Bb4 5. Nge2 d5 6. exd5 Nxd5 7. Bd2 Be6 8.
O-O Nxc3 9. bxc3 Bxc4 10. cxb4 Be6 11. f4 Qd7 12. Bc3 f6 13. fxe5 Nxe5 14. Qd2
Qd6 15. Nf4 O-O 16. Qe3 Bf7 17. Rae1 Rfe8 18. a3 Nc4 19. Qf2 Nxa3 20. Rxe8+
Rxe8 21. Bb2 Qxb4 22. c4 Nxc4 23. dxc4 Bxc4 24. Rc1 a5 25. Qd4 Re1+ 26. Kf2
1/2-1/2

[Event "bosnjaci18"]
[Site "Bosnjaci"]
[Date "2018.01.04"]
[Round "2.15"]
[White "Bogdanic, Katarina"]
[Black "Popovic, Milan S"]
[Result "1/2-1/2"]
[WhiteElo "1917"]
[BlackElo "2264"]
[PlyCount "151"]
[EventDate "2018.??.??"]

1. c4 g6 2. g3 Bg7 3. Bg2 d6 4. Nc3 Nf6 5. Nf3 O-O 6. O-O Nc6 7. d3 e5 8. Rb1
a5 9. a3 h6 10. b4 axb4 11. axb4 Be6 12. b5 Ne7 13. Bb2 Qd7 14. c5 Nfd5 15.
cxd6 Nxc3 16. Bxc3 cxd6 17. Qd2 Ra2 18. Rb2 Rfa8 19. e4 f5 20. Rc1 R8a3 21. b6
Kh7 22. Qd1 Nc6 23. Rxa2 Rxa2 24. Ra1 Rxa1 25. Qxa1 Qd8 26. Qb2 d5 27. exf5
gxf5 28. Bxe5 Nxe5 29. Nxe5 Qd6 30. f4 Bf6 31. d4 Bd8 32. h3 Qxb6 33. Qxb6 Bxb6
34. Nf3 Ba5 35. Bf1 Kg7 36. Kf2 Bd7 37. Bd3 Kf6 38. Ke2 b5 39. Kd1 b4 40. Kc2
Ba4+ 41. Kb2 Bb6 42. Bc2 Bb5 43. Kb3 Be2 44. Nh4 Bxd4 45. Kxb4 Bf2 46. Nxf5 h5
47. Kc3 Bf3 48. Nh4 Bh1 49. Nf5 Be1+ 50. Kd4 Bf2+ 51. Kc3 Bg2 52. Nd4 Bxg3 53.
Bd1 h4 54. f5 Bxh3 55. Bf3 Ke5 56. Bh1 Be1+ 57. Kd3 Bf1+ 58. Ke3 Bg3 59. Nf3+
Kxf5 60. Nxh4+ Ke6 61. Nf3 Bb8 62. Nd4+ Kd6 63. Kf2 Ba6 64. Ne2 Ke5 65. Ke1 Bc7
66. Kd2 Ba5+ 67. Kd1 Bc4 68. Nc1 Kd4 69. Bf3 Bb5 70. Nb3+ Ke3 71. Bxd5 Bb4 72.
Kc2 Bd3+ 73. Kb2 Bf1 74. Be6 Kd3 75. Bf5+ Kc4 76. Be6+ 1/2-1/2

[Event "bosnjaci18"]
[Site "Bosnjaci"]
[Date "2018.01.04"]
[Round "2.16"]
[White "Goric, Esad"]
[Black "Klasan, Elvis"]
[Result "1-0"]
[WhiteElo "2263"]
[BlackElo "1898"]
[PlyCount "197"]
[EventDate "2018.??.??"]

1. Nf3 g6 2. g3 Bg7 3. Bg2 d5 4. O-O Nf6 5. d4 O-O 6. c4 c6 7. cxd5 cxd5 8. Nc3
Nc6 9. Ne5 e6 10. Nxc6 bxc6 11. Na4 Re8 12. Bf4 Nd7 13. Rc1 Bxd4 14. Qxd4 e5
15. Qd2 exf4 16. Rxc6 Ne5 17. Rcc1 fxg3 18. hxg3 Be6 19. Nc5 Nc4 20. Qd4 Rc8
21. b3 Nb6 22. Rfd1 Qg5 23. e3 Red8 24. a4 Rb8 25. a5 Nd7 26. b4 Qe5 27. Nxd7
Qxd4 28. Rxd4 Rxd7 29. Bf1 Kf8 30. b5 Rdb7 31. Rc5 h5 32. a6 Rd7 33. Bg2 Rbd8
34. Kf1 Ke7 35. Ke1 Kd6 36. Rc6+ Ke7 37. Kd2 Rb8 38. Bf1 g5 39. f4 h4 40. gxh4
gxh4 41. f5 Bxf5 42. Rxh4 Rd6 43. Rc5 Be6 44. Kc3 Rd7 45. Rd4 Rdd8 46. Rc7+ Rd7
47. Rxd7+ Kxd7 48. Kb4 f5 49. Rh4 Kd6 50. Rh7 Bd7 51. Rh6+ Ke5 52. Bd3 Rg8 53.
b6 axb6 54. Rxb6 Ra8 55. Rh6 Bc8 56. Kc5 Bxa6 57. Bxa6 f4 58. exf4+ Kxf4 59.
Bb7 Rd8 60. Bxd5 Rc8+ 61. Kd4 Rc1 62. Rf6+ Kg5 63. Rf2 Re1 64. Be4 Ra1 65. Rf8
Ra4+ 66. Ke5 Ra5+ 67. Bd5 Ra6 68. Rf1 Ra4 69. Rf5+ Kg6 70. Bf7+ Kg7 71. Rf1 Rg4
72. Be6 Rg5+ 73. Bf5 Rg2 74. Ra1 Re2+ 75. Be4 Rb2 76. Ra7+ Kh6 77. Kf4 Rf2+ 78.
Kg3 Rf6 79. Kg4 Rf7 80. Ra6+ Kg7 81. Kg5 Kf8 82. Bg6 Rf2 83. Re6 Rg2+ 84. Kf6
Rf2+ 85. Bf5 Rb2 86. Ra6 Rb8 87. Be6 Ke8 88. Ra7 Kd8 89. Rd7+ Ke8 90. Rc7 Kd8
91. Rc1 Ra8 92. Kf7 Ra7+ 93. Kf6 Ra8 94. Rc6 Ke8 95. Rd6 Rb8 96. Rd2 Ra8 97.
Bf7+ Kf8 98. Rh2 Ra6+ 99. Be6 1-0

[Event "bosnjaci18"]
[Site "Bosnjaci"]
[Date "2018.01.04"]
[Round "2.17"]
[White "Bekcic, Martin"]
[Black "Babic, Zvonko"]
[Result "0-1"]
[WhiteElo "1897"]
[BlackElo "2221"]
[PlyCount "92"]
[EventDate "2018.??.??"]

1. d4 d6 2. Bf4 Nd7 3. Nf3 g6 4. e3 Bg7 5. Bc4 e5 6. Bg3 Nh6 7. dxe5 dxe5 8.
Bh4 f6 9. O-O Nf5 10. Bg3 Nd6 11. Bb3 Nc5 12. c3 Qe7 13. Nbd2 Nxb3 14. Qxb3 Be6
15. Qc2 O-O 16. h3 Rad8 17. b3 Rd7 18. Rad1 Rfd8 19. Rfe1 Nf5 20. Bh2 Nd6 21.
c4 Bf5 22. Qc1 Ne4 23. Nxe4 Bxe4 24. Nd2 Qd6 25. Qc3 Qd3 26. Qxd3 Rxd3 27. Nxe4
Rxd1 28. Kf1 Kf7 29. Ke2 R1d3 30. f4 Bh6 31. Nc5 Rd2+ 32. Kf3 b6 33. Ne4 Rxa2
34. fxe5 f5 35. Nc3 Rb2 36. Nb5 Rxb3 37. Nxc7 Rdd3 38. Bf4 g5 39. e6+ Ke7 40.
Nd5+ Kxe6 41. Bb8 a5 42. g3 Bf8 43. Bc7 Bc5 44. h4 h6 45. hxg5 hxg5 46. Bd8 g4+
0-1

[Event "bosnjaci18"]
[Site "Bosnjaci"]
[Date "2018.01.04"]
[Round "2.18"]
[White "Ljikar, Zoran"]
[Black "Mican, Karmela"]
[Result "1-0"]
[WhiteElo "2192"]
[BlackElo "1873"]
[PlyCount "65"]
[EventDate "2018.??.??"]

1. e4 e5 2. Bc4 Nf6 3. d3 Bc5 4. Nf3 d6 5. O-O O-O 6. c3 h6 7. a4 a6 8. Nbd2
Be6 9. Bb3 Bxb3 10. Qxb3 Qc8 11. Re1 Nc6 12. Nf1 Re8 13. Ng3 Rb8 14. Nh4 Qe6
15. Qc2 Ne7 16. Bd2 d5 17. Nhf5 dxe4 18. dxe4 Nxf5 19. Nxf5 Rbd8 20. Rad1 Rd7
21. Bc1 Red8 22. Rxd7 Rxd7 23. h3 Bb6 24. Qe2 Qb3 25. Qf3 Qe6 26. Qg3 Nh5 27.
Qg4 Qg6 28. Nxh6+ gxh6 29. Qxd7 Nf6 30. Qf5 Qg7 31. Be3 h5 32. Bxb6 cxb6 33.
Qxe5 1-0

[Event "bosnjaci18"]
[Site "Bosnjaci"]
[Date "2018.01.04"]
[Round "2.19"]
[White "Kolanovic, Kazimir"]
[Black "Karabaic, Ivan"]
[Result "1/2-1/2"]
[WhiteElo "1871"]
[BlackElo "2182"]
[PlyCount "77"]
[EventDate "2018.??.??"]

1. d4 Nf6 2. c4 e6 3. Nf3 Bb4+ 4. Bd2 a5 5. a3 Be7 6. Nc3 O-O 7. g3 b6 8. Bg2
Bb7 9. Qc2 Qc8 10. O-O d6 11. Rfe1 c5 12. Na4 Nbd7 13. Rac1 Be4 14. Qd1 Qb7 15.
e3 Rfd8 16. Nc3 Bc6 17. b3 Rac8 18. Qe2 d5 19. Ne5 Nxe5 20. dxe5 Ne4 21. Nxe4
dxe4 22. a4 Rd3 23. Bc3 Rcd8 24. Qc2 f6 25. Bh3 Qd7 26. Bf1 fxe5 27. Be2 Bf6
28. Red1 Bb7 29. Kf1 Qc6 30. Ke1 Kf7 31. Rd2 Ke7 32. Rb1 Rxd2 33. Bxd2 Qe8 34.
Rd1 Bc6 35. Bc3 g5 36. Rxd8 Qxd8 37. Qd1 Qxd1+ 38. Kxd1 Be8 39. g4 1/2-1/2

[Event "bosnjaci18"]
[Site "Bosnjaci"]
[Date "2018.01.04"]
[Round "2.20"]
[White "Tomas, Ante"]
[Black "Macanga, Branko"]
[Result "1-0"]
[WhiteElo "2124"]
[BlackElo "1844"]
[PlyCount "141"]
[EventDate "2018.??.??"]

1. e4 Nf6 2. e5 Nd5 3. c4 Nb6 4. d4 d6 5. exd6 exd6 6. Nc3 Be7 7. Be2 O-O 8. h3
Bf6 9. Nf3 Re8 10. O-O Bf5 11. Be3 Nc6 12. b3 Nb4 13. Rc1 Rc8 14. a3 Nc6 15.
Re1 h6 16. Bd3 Qd7 17. Ne2 Ne7 18. Ng3 Bg6 19. Ne4 Bxe4 20. Bxe4 Nf5 21. Qd3
Nxe3 22. Rxe3 Rb8 23. Rce1 c6 24. Bf5 Rxe3 25. Rxe3 Qd8 26. Qe2 c5 27. d5 Nd7
28. g3 g6 29. Bc2 Kg7 30. Nh2 Bd4 31. Rd3 Ne5 32. Rd1 Qg5 33. Kg2 Nd7 34. f4
Qd8 35. Nf3 Bf6 36. h4 Nf8 37. h5 Qd7 38. hxg6 fxg6 39. Re1 b5 40. Nd2 bxc4 41.
Nxc4 h5 42. f5 Qf7 43. Qf3 Rd8 44. Rh1 Bd4 45. Be4 Nh7 46. fxg6 Qxf3+ 47. Bxf3
Ng5 48. Bxh5 Ne4 49. Bf3 Ng5 50. Bh5 Ne4 51. Re1 Nf6 52. Re7+ Kh6 53. g4 Nxh5
54. gxh5 Kxh5 55. g7 Kg6 56. Rxa7 Bxg7 57. Ra6 Bf8 58. a4 Kf5 59. Kf3 Be7 60.
a5 Rb8 61. Rb6 Rf8 62. a6 Ra8 63. Rb7 Rxa6 64. Rxe7 Ra1 65. Rf7+ Kg6 66. Rd7
Rb1 67. Rxd6+ Kf7 68. Rb6 Ke7 69. Ke3 Kd7 70. Kd2 Rh1 71. Ne5+ 1-0

[Event "bosnjaci18"]
[Site "Bosnjaci"]
[Date "2018.01.04"]
[Round "2.21"]
[White "Blazeka, Djuro"]
[Black "Ascic, Anto"]
[Result "1/2-1/2"]
[WhiteElo "1847"]
[BlackElo "2122"]
[PlyCount "116"]
[EventDate "2018.??.??"]

1. e4 e5 2. Nf3 Nc6 3. Bc4 Bc5 4. c3 Qe7 5. O-O d6 6. d4 Bb6 7. Bb5 Bd7 8. d5
Nb8 9. Bxd7+ Nxd7 10. Nbd2 Ngf6 11. Qe2 a6 12. Nc4 Ba7 13. Be3 Bxe3 14. Qxe3
O-O 15. b4 Nh5 16. g3 f5 17. Qg5 Qf7 18. Qxf5 Qxf5 19. exf5 Rxf5 20. Nh4 Rf7
21. Ne3 Raf8 22. c4 g5 23. Nhf5 Kh8 24. g4 Nf4 25. f3 Nf6 26. Nh6 Rd7 27. Nhf5
h5 28. a4 e4 29. gxh5 exf3 30. Rxf3 N6xh5 31. Raf1 Rdf7 32. Ng3 Nh3+ 33. Kg2
N5f4+ 34. Kh1 Re7 35. Ng4 Kg8 36. Re3 Rxe3 37. Nxe3 Re8 38. Ngf5 Re5 39. b5
axb5 40. axb5 Kf7 41. Ra1 Nd3 42. b6 cxb6 43. Nxd6+ Kg6 44. Ndf5 Rxf5 45. Nxf5
Kxf5 46. Rb1 Nc5 47. Rxb6 Ke5 48. Rb5 Kd4 49. d6 Nf4 50. d7 Nfe6 51. Rb6 Nd8
52. Rg6 Nce6 53. Rh6 Kxc4 54. h4 gxh4 55. Rxh4+ Kc5 56. Rh2 b5 57. Rb2 b4 58.
Rxb4 Kxb4 1/2-1/2

[Event "bosnjaci18"]
[Site "Bosnjaci"]
[Date "2018.01.04"]
[Round "2.22"]
[White "Jelecevic, Ivo"]
[Black "Mutapcic, Ilija"]
[Result "0-1"]
[WhiteElo "2102"]
[BlackElo "1824"]
[PlyCount "66"]
[EventDate "2018.??.??"]

1. e4 e5 2. Nf3 Nf6 3. Nxe5 d6 4. Nf3 Nxe4 5. Nc3 Nf6 6. d4 d5 7. Bg5 Be7 8.
Bd3 O-O 9. O-O Bg4 10. h3 Bh5 11. Re1 Nc6 12. g4 Bg6 13. Bxg6 hxg6 14. Ne5 Re8
15. Qd2 Nh7 16. Bxe7 Rxe7 17. Re3 Nxe5 18. dxe5 c6 19. Rae1 d4 20. Rd3 c5 21.
Qf4 Qa5 22. b4 cxb4 23. e6 bxc3 24. Qxd4 Rxe6 25. Rxe6 fxe6 26. Qd7 Qb6 27. Rd6
Qb1+ 28. Rd1 Qxa2 29. Qxb7 Rf8 30. Rd7 Ng5 31. Rxg7+ Kh8 32. Rxg6 Nf3+ 33. Kf1
Qc4+ 0-1

[Event "bosnjaci18"]
[Site "Bosnjaci"]
[Date "2018.01.04"]
[Round "2.23"]
[White "Turicar, Goran"]
[Black "Boban, Sten"]
[Result "0-1"]
[WhiteElo "1832"]
[BlackElo "2083"]
[PlyCount "118"]
[EventDate "2018.??.??"]

1. e4 e5 2. Nf3 Nc6 3. d4 exd4 4. Bc4 Nf6 5. O-O Nxe4 6. Re1 d5 7. Bxd5 Qxd5 8.
Nc3 Qa5 9. Nxe4 Be6 10. Bd2 Bb4 11. Nxd4 Nxd4 12. c3 Be7 13. cxd4 Qd5 14. Bc3
O-O 15. Ng3 Bd6 16. Qd2 Rad8 17. Ne4 Be7 18. Qf4 c6 19. h4 Rfe8 20. Re3 f5 21.
Ng5 Bd6 22. Qf3 Qxf3 23. Nxf3 Bd5 24. Ne5 c5 25. Rae1 Bxa2 26. Ra1 Bd5 27. Rxa7
cxd4 28. Bxd4 Be4 29. f4 Bb8 30. Ra4 b5 31. Rb4 Rd5 32. Kh2 Bd6 33. Bc3 Bxb4
34. Bxb4 Rc8 35. Bc3 Rb8 36. Nc6 Rb7 37. Nb4 Rd1 38. Rg3 g6 39. h5 Kf7 40. h6
Ra7 41. Re3 Raa1 42. Bg7 Rh1+ 43. Kg3 Ra4 44. Nd3 Raa1 45. Ne5+ Ke6 46. Nf3 Kf7
47. Ng5+ Kg8 48. Rc3 Rhc1 49. Re3 Ra4 50. Rb3 Ra5 51. Bc3 Bd5 52. Rb4 Rd1 53.
Kf2 Bc6 54. Ne6 Ra4 55. Rxa4 bxa4 56. Nd4 Be4 57. Ne6 Rc1 58. Nc5 a3 59. Nb3
axb2 0-1

[Event "bosnjaci18"]
[Site "Bosnjaci"]
[Date "2018.01.04"]
[Round "3.1"]
[White "Jovanovic, Zoran"]
[Black "Stocko, Josip"]
[Result "1-0"]
[WhiteElo "2535"]
[BlackElo "2308"]
[PlyCount "83"]
[EventDate "2018.??.??"]

1. e4 c5 2. Ne2 Nf6 3. Nbc3 d6 4. g3 e6 5. Bg2 Be7 6. O-O O-O 7. d3 Nc6 8. h3
Rb8 9. f4 Nd7 10. g4 b5 11. Ng3 b4 12. Nce2 Nd4 13. Be3 Nxe2+ 14. Qxe2 h6 15.
Qd2 Bh4 16. Ne2 e5 17. f5 Bg5 18. b3 Bxe3+ 19. Qxe3 Qh4 20. a3 a5 21. axb4 axb4
22. Qf2 Qxf2+ 23. Kxf2 Rb6 24. h4 Nb8 25. g5 Nc6 26. Bf3 Ra6 27. Rxa6 Bxa6 28.
Rg1 Kh7 29. Ke3 Nd4 30. Nxd4 exd4+ 31. Kf4 Bb7 32. f6 Ra8 33. gxh6 g6 34. h5
Rg8 35. hxg6+ Rxg6 36. Rxg6 Kxg6 37. h7 Kxh7 38. Bh5 Kg8 39. e5 d5 40. Bg4 Kf8
41. e6 fxe6 42. Bxe6 1-0

[Event "bosnjaci18"]
[Site "Bosnjaci"]
[Date "2018.01.04"]
[Round "3.2"]
[White "Bobanac, Miro"]
[Black "Kovacevic, Blazimir"]
[Result "0-1"]
[WhiteElo "2297"]
[BlackElo "2486"]
[PlyCount "52"]
[EventDate "2018.??.??"]

1. b3 d5 2. Bb2 Nf6 3. Bxf6 exf6 4. e3 c5 5. Nf3 Nc6 6. Bb5 Be7 7. O-O O-O 8.
Bxc6 bxc6 9. d4 a5 10. a3 a4 11. Nc3 axb3 12. cxb3 cxd4 13. Nxd4 Ra6 14. b4 c5
15. bxc5 Bxc5 16. a4 Be6 17. Ncb5 Qd7 18. Qc2 Rc8 19. Rfc1 Qb7 20. Qd3 Bd7 21.
h3 g6 22. Nb3 Rxa4 23. Rxa4 Bxb5 24. Nxc5 Rxc5 25. Rb1 Rc1+ 26. Kh2 Qc7+ 0-1

[Event "bosnjaci18"]
[Site "Bosnjaci"]
[Date "2018.01.04"]
[Round "3.3"]
[White "Zaja, Ivan"]
[Black "Goric, Esad"]
[Result "1/2-1/2"]
[WhiteElo "2454"]
[BlackElo "2263"]
[PlyCount "40"]
[EventDate "2018.??.??"]

1. d4 Nf6 2. c4 d6 3. Nc3 Nbd7 4. e4 e5 5. Nf3 c6 6. Be2 Be7 7. O-O O-O 8. Re1
Re8 9. Bf1 Qc7 10. h3 Nf8 11. Be3 Ng6 12. Qc2 Bd7 13. Rab1 h6 14. b4 b5 15. Qb3
Reb8 16. cxb5 cxb5 17. Rbc1 Qb7 18. dxe5 dxe5 19. Nd5 Bd8 20. Bc5 Be6 1/2-1/2

[Event "bosnjaci18"]
[Site "Bosnjaci"]
[Date "2018.01.04"]
[Round "3.4"]
[White "Radovanovic, Nikola"]
[Black "Ljikar, Zoran"]
[Result "1-0"]
[WhiteElo "2441"]
[BlackElo "2192"]
[PlyCount "67"]
[EventDate "2018.??.??"]

1. d4 c5 2. d5 e5 3. e4 d6 4. Nc3 Nd7 5. Nf3 Be7 6. Be2 Ngf6 7. O-O O-O 8. Nd2
Ne8 9. a4 g6 10. Nc4 Ng7 11. Bh6 Kh8 12. Qd2 Nf6 13. f4 exf4 14. e5 Ng8 15.
Bxf4 dxe5 16. Bxe5 Bg5 17. Bf4 Bxf4 18. Qxf4 Bf5 19. Qd2 Rb8 20. a5 Nf6 21. Bf3
Re8 22. Nb5 Kg8 23. Nxa7 Ne4 24. Qd1 Bd7 25. Re1 Ng5 26. Rxe8+ Qxe8 27. a6 b5
28. Nd6 Qe5 29. Naxb5 Bxb5 30. Nxb5 Nxf3+ 31. Qxf3 Qxb2 32. Rf1 f5 33. a7 Rd8
34. Nc7 1-0

[Event "bosnjaci18"]
[Site "Bosnjaci"]
[Date "2018.01.04"]
[Round "3.5"]
[White "Babic, Zvonko"]
[Black "Tica, Sven"]
[Result "1/2-1/2"]
[WhiteElo "2221"]
[BlackElo "2441"]
[PlyCount "83"]
[EventDate "2018.??.??"]

1. c4 e6 2. g3 Nf6 3. Bg2 d5 4. Nf3 Be7 5. d4 O-O 6. O-O c6 7. Qc2 b6 8. Rd1
Bb7 9. b3 Na6 10. a3 Rc8 11. Nbd2 c5 12. dxc5 Nxc5 13. Bb2 Rc7 14. Ng5 Ncd7 15.
Rac1 h6 16. Nh3 Qa8 17. Qb1 Rfc8 18. Qa1 dxc4 19. Bxb7 Qxb7 20. Rxc4 Rxc4 21.
Nxc4 Qe4 22. Rd2 Nc5 23. Qd1 Nxb3 24. Nxb6 axb6 25. Qxb3 Qb1+ 26. Rd1 Qc2 27.
Qxc2 Rxc2 28. Rb1 Ne4 29. Bd4 Bc5 30. Bxc5 bxc5 31. Rb8+ Kh7 32. Rc8 Rxe2 33.
Rc7 g5 34. Rxf7+ Kg8 35. Rc7 g4 36. Nf4 Re1+ 37. Kg2 Ng5 38. Nh5 Kf8 39. Nf6 h5
40. Nh7+ Nxh7 41. Rxh7 Re5 42. Rd7 1/2-1/2